| 000 | 00847cam a2200253 i 4500 | ||
|---|---|---|---|
| 001 | 1303572 | ||
| 003 | ARRUPE | ||
| 005 | 20161013114353.0 | ||
| 008 | 770824s1977 nyua d 001 0 eng | ||
| 010 | _a 77014464 | ||
| 020 | _a0517531577 | ||
| 040 |
_aDLC _cDLC _dDLC |
||
| 050 | 0 | 0 |
_aTL509 _b.I63 1977 |
| 082 | 0 | 0 | _a629.1 |
| 245 | 0 | 4 |
_aThe International encyclopedia of aviation / _cgeneral editor, David Mondey ; assistant compiler, Jane's all the world's aircraft ; foreword by Juan Trippe. |
| 260 |
_aLondon : _bOctopus books, _c1977. |
||
| 300 |
_a480 p. : _bill. ; _c32 cm. |
||
| 500 | _aIncludes index. | ||
| 650 | 0 |
_aAeronautics _xPictorial works. _926718 |
|
| 700 | 1 |
_aMondey, David. _926719 |
|
| 730 |
_aJane's all the world's aircraft. _926720 |
||
| 906 |
_a7 _bcbc _corignew _d1 _eocip _f19 _gy-gencatlg |
||
| 942 |
_2lcc _cMONOGRAPH |
||
| 999 |
_c125500 _d125500 |
||